Sports Quiz

Random Sports or WWE Quiz

WWE WrestleMania Main Events by Rating Quiz Stats

 Plays Quiz not verified by Sporcle

Score 0/34 Timer 10:00
0 Plays Today
% Correct
****¾
58.3%
DUD
51.2%
****¾
50.2%
****¼
41.3%
****½
41%
****¼
39.8%
****½
39%
-****
35%
****½
34.9%
***
34.8%
****
34.3%
33.2%
***
31.1%
****¼
30%
***
28.3%
27.7%
***
27.6%
% Correct
26.3%
***
26%
-**
25.4%
***¾
23%
***¾
21.6%
***¼
19.8%
**½
18.6%
***½
17.1%
***½
17%
***¾
16.8%
**¾
16.6%
**¼
15.5%
**¾
15.5%
**½
15.2%
**¼
14.8%
***¼
12.4%
**¾
12.2%

You're not logged in!

Compare scores with friends on all Sporcle quizzes.
OR
Log In

Sporcle TV

Today on Sporcle TV


Watch our educational content, quiz creation guides, and fun videos on Sporcle TV.

Show Comments

Extras

Top Quizzes Today


Score Distribution

Your Account Isn't Verified!

In order to create a playlist on Sporcle, you need to verify the email address you used during registration. Go to your Sporcle Settings to finish the process.

Report this User

Report this user for behavior that violates our Community Guidelines.

Details: